Pharmaceutical Emulsions and Suspensions (Record no. 11982)
[ view plain ]
| 000 -LEADER | |
|---|---|
| fixed length control field | 00394nam a22001577a 4500 |
| 003 - CONTROL NUMBER IDENTIFIER | |
| control field | OSt |
| 008 - FIXED-LENGTH DATA ELEMENTS--GENERAL INFORMATION | |
| fixed length control field | 230421b |||||||| |||| 00| 0 eng d |
| 082 ## - DEWEY DECIMAL CLASSIFICATION NUMBER | |
| Classification number | 615.19 NIP |
| 100 ## - MAIN ENTRY--PERSONAL NAME | |
| Personal name | NIELLOUD, Francoise (ed) |
| 245 ## - TITLE STATEMENT | |
| Title | Pharmaceutical Emulsions and Suspensions |
| 250 ## - EDITION STATEMENT | |
| Edition statement | Ist 2010 |
| 260 ## - PUBLICATION, DISTRIBUTION, ETC. (IMPRINT) | |
| Place of publication, distribution, etc | New york |
| Name of publisher, distributor, etc | Informa |
| 300 ## - PHYSICAL DESCRIPTION | |
| Extent | xi,637 |
| 700 ## - ADDED ENTRY--PERSONAL NAME | |
| Personal name | Gilberte,Marti-Mestres |
| 942 ## - ADDED ENTRY ELEMENTS (KOHA) | |
| Source of classification or shelving scheme | Dewey Decimal Classification |
| Koha item type | Text Books |
| Withdrawn status | Lost status | Source of classification or shelving scheme | Damaged status | Not for loan | Collection code | Home library | Current library | Date acquired | Source of acquisition | Currency | Cost, normal purchase price | Bill Number | Total Checkouts | Full call number | Acc. no. / Barcode | Date last seen | Actual Cost, discounted price | Bill Date | Koha item type |
|---|---|---|---|---|---|---|---|---|---|---|---|---|---|---|---|---|---|---|---|
| Dewey Decimal Classification | B.Pharma | PIET C-LIBRARY | PIET C-LIBRARY | 13/04/2023 | IBC | RUPEES | 3495.00 | IB/IN/1426 | 615.19 NIP | BP2083 | 21/04/2023 | 2411.55 | 31/03/2023 | Reference Books | |||||
| Dewey Decimal Classification | B.Pharma | PIET C-LIBRARY | PIET C-LIBRARY | 13/04/2023 | IBC | RUPEES | 3495.00 | IB/IN/1426 | 615.19 NIP | BP2084 | 21/04/2023 | 2411.55 | 31/03/2023 | Text Books | |||||
| Dewey Decimal Classification | B.Pharma | PIET C-LIBRARY | PIET C-LIBRARY | 13/04/2023 | IBC | RUPEES | 3495.00 | IB/IN/1426 | 615.19 NIP | BP2085 | 21/04/2023 | 2411.55 | 31/03/2023 | Text Books | |||||
| Dewey Decimal Classification | B.Pharma | PIET C-LIBRARY | PIET C-LIBRARY | 13/04/2023 | IBC | RUPEES | 3495.00 | IB/IN/1426 | 615.19 NIP | BP2086 | 21/04/2023 | 2411.55 | 31/03/2023 | Text Books | |||||
| Dewey Decimal Classification | B.Pharma | PIET C-LIBRARY | PIET C-LIBRARY | 13/04/2023 | IBC | RUPEES | 3495.00 | IB/IN/1426 | 615.19 NIP | BP2087 | 21/04/2023 | 2411.55 | 31/03/2023 | Text Books |